000 00406nam a22001697a 4500
005 20180321120309.0
008 160523b xxu||||| |||| 00| 0 eng d
020 _a81-203-0116-1
041 _aeng
082 _b4049
_a338.5024658
100 _aDean Joel
_9798
245 _aManagerial Economics
260 _aNew Delhi
_bAcademic Faundation
300 _a610
650 _aManagement
_9241
942 _cBK
999 _c1365
_d1365